LOS PROBLEMAS SOCIALES DEL CAMPO ANDALUZ
-д хадгалсан:
| Байгууллагын зохиогч: | |
|---|---|
| Формат: | Бага хурлын үйл явц Ном |
| Нөхцлүүд: | |
| Шошгууд: |
Шошго байхгүй, Энэхүү баримтыг шошголох эхний хүн болох!
|
MARC
| LEADER | 00000nam^a2200000^a^4500 | ||
|---|---|---|---|
| 001 | 000232130 | ||
| 005 | 20250521000000.0 | ||
| 009 | 20260310104549.821 | ||
| 035 | |a 054679 | ||
| 037 | |a Acervo Xavier Clavigero | ||
| 082 | |a 338. 1 |b SEM | ||
| 111 | 1 | |a Semanas Sociales de España ( |n 13A : |d 1953 : |c Córdoba, España) | |
| 245 | 1 | 4 | |a LOS PROBLEMAS SOCIALES DEL CAMPO ANDALUZ |
| 264 | |a MADRID : |b ACATI, |c 1953 | ||
| 300 | |a 487p. | ||
| 336 | |a texto |b txt |2 rdacontenido | ||
| 337 | |a sin mediación |b n |2 rdamedio | ||
| 338 | |a volumen |b nc |2 rdasoporte | ||
| 649 | |a XX | ||
| 650 | |a Agricultura - |x Aspectos Económicos | ||
| 650 | |a Agricultura - |x Aspectos Económicos | ||
| 650 | |a Agricultura - |z Andalucía, España | ||
| 910 | |a Fondo General | ||
| 920 | |a Impresos - Libros | ||
| 930 | |a Colección General | ||
| 905 | |a 101 | ||
| 901 | |a 054679 |b IT1 |c ACC |i 054679 |u 20250521 | ||
| 902 | |a https://opac.biblio.iteso.mx/vufind/Record/000232130 | ||